Normal view
MARC view
- Evans, Lynette
Entry Personal Name
001 - CONTROL NUMBER
- control field: 1346
003 - CONTROL NUMBER IDENTIFIER
- control field: OSt
005 - DATE AND TIME OF LATEST TRANSACTION
- control field: 20170504123542.0
008 - FIXED-LENGTH DATA ELEMENTS
- fixed length control field: 170504|| aca||aabn | a|a d
040 ## - CATALOGING SOURCE
- Original cataloging agency: OSt
- Transcribing agency: OSt
100 ## - HEADING--PERSONAL NAME
- Personal name: Evans, Lynette
670 ## - SOURCE DATA FOUND
- Source citation: Work cat.: (OSt): Montgomery, Bob, 1943- 1345, You and stress /, 1995

PORTAL AKMAL
E-MEL JKDM
AKMAL2U
G-BAM
u-PUSTAKA